Basic nutrition and diet theraphy : (Record no. 354680)
[ view plain ]
| 000 -LEADER | |
|---|---|
| fixed length control field | 00343nam a2200109Ia 4500 |
| 008 - FIXED-LENGTH DATA ELEMENTS--GENERAL INFORMATION | |
| fixed length control field | 180205s9999 xx 000 0 und d |
| 020 ## - INTERNATIONAL STANDARD BOOK NUMBER | |
| International Standard Book Number | 9789715846653 |
| 100 ## - MAIN ENTRY--PERSONAL NAME | |
| Personal name | Caudal, Maria Lourdes C. |
| 245 ## - TITLE STATEMENT | |
| Title | Basic nutrition and diet theraphy : |
| Remainder of title | text book for nursing students |
| 260 ## - PUBLICATION, DISTRIBUTION, ETC. (IMPRINT) | |
| Place of publication, distribution, etc | Quezon City |
| Name of publisher, distributor, etc | C&E publishing |
| Date of publication, distribution, etc | 2008 |
| 300 ## - PHYSICAL DESCRIPTION | |
| Extent | v,309 pages |
No items available.